000 004500000a22001810004500
003 MACL
005 20210908154057.0
008 150707b xxu||||| |||| 00| 0 eng d
040 _aMACL
_cMACL
041 _aEnglish
082 _a307/EVE
100 _aEverett, Jana Matson
_91083
245 _aWomen and Social Change in India
260 _bHeritage Publishers
_c1985
_aNew Delhi
350 _a95
650 _aSociology
_919
942 _cBK
_k307
_2ddc
999 _c5561
_d5561